Normal view
MARC view
- Environmental Scinece
Entry Topical Term
001 - CONTROL NUMBER
- control field: 5636
003 - CONTROL NUMBER IDENTIFIER
- control field: NUST
005 - DATE AND TIME OF LATEST TRANSACTION
- control field: 20171025120314.0
008 - FIXED-LENGTH DATA ELEMENTS
- fixed length control field: 171025|| aca||aabn | a|a d
040 ## - CATALOGING SOURCE
- Original cataloging agency: NUST
- Transcribing agency: NUST
150 ## - HEADING--TOPICAL TERM
- Topical term or geographic name entry element: Environmental Scinece
670 ## - SOURCE DATA FOUND
- Source citation: Work cat.: (NUST): Zaigham,Zahra 5635, Heavy Metal Removal From Synthetic Leachate Using Constructed Wetlands, 2015.
